000 00554nam a22002290a 4500
001 PT33875
003 AR-LpoUNG
005 20210131230135.0
008 191001suuuu||||ag |||||||||||||||||spa d
020 _a9789501114195
_c$6.5
040 _aAR-LpoUNG
_bspa
_cAR-LpoUNG
_eaacr
041 _aspa
044 _aag
082 0 _a808.068 3 578col
245 1 4 _aLos colores
260 _aBuenos Aires :
_bSigmar,
_c1998.
300 _a[8] p. :
_btbls., gráfs.
650 4 _aCUENTOS
653 _aLITERATURA INFANTIL
905 _a33875
942 _cLIB
999 _c1689
_d1689